Evaluación de la transferencia de riesgos del sitio presa del proyecto hidroélectrico el Díquis a una póliza de todo riesgo de construcción y mediantes medidas alternas de transferencias
সংরক্ষণ করুন:
| প্রধান লেখক: | |
|---|---|
| বিন্যাস: | গ্রন্থ |
| ভাষা: | Spanish |
| প্রকাশিত: |
[San José], Costa Rica
2015
|
| বিষয়গুলি: | |
| ট্যাগগুলো: |
ট্যাগ যুক্ত করুন
কোনো ট্যাগ নেই, প্রথমজন হিসাবে ট্যাগ করুন!
|
MARC
| LEADER | 00000nam a22000007a 4500 | ||
|---|---|---|---|
| 003 | 012262 | ||
| 005 | 20221231143913.0 | ||
| 008 | 150917b2015 cr a|||| |||| 00| 0 spa d | ||
| 040 | |c cru CEDI | ||
| 090 | |a TFG 7426 | ||
| 100 | |a García Bonilla, Pablo César |9 1172 | ||
| 245 | |a Evaluación de la transferencia de riesgos del sitio presa del proyecto hidroélectrico el Díquis a una póliza de todo riesgo de construcción y mediantes medidas alternas de transferencias | ||
| 260 | |a [San José], Costa Rica |c 2015 | ||
| 500 | |a Proyecto de graduación (licenciatura en ingeniería civil)--Universidad de Costa Rica. Facultad de Ingeniería. Escuela de Ingeniería Civil | ||
| 650 | |x INSTITUTO COSTARRICENSE DE ELECTRICIDAD. PROYECTO HIDROELECTRICO EL DIQUIS |9 1165 | ||
| 942 | |c TFG | ||
| 999 | |c 14007 |d 14007 | ||
